Törelere boyun eğmedim (Record no. 5141)

MARC details
000 -BAŞLIK
Sabit Uzunlukta Kontrol Alanı 00699na a2200229 4500
001 - KONTROL NUMARASI
Denetim Alanı 13279
003 - KONTROL NUMARASI IDENTIFIER
Denetim Alanı MIRAKIL
005 - SON İŞLEM TARİHİ VE ZAMANI
Denetim Alanı 20181213155029.0
008 - SABİT-BOY VERİ ELEMANLARI - GENEL BİLGİLER
Sabit Uzunlukta Kontrol Alanı 161010b tu 000 0
020 ## - ULUSLARARASI STANDART KİTAP NUMARASI
Uluslararası Standart Kitap Numarası 9789756128091
035 ## - SİSTEM KONTROL NUMARASI
Sistem Kontrol Numarası 13279
040 ## - KATALOGLAMA KAYNAK
Orijinal Kataloglama Ajansı Milas
Kataloglama Dili tur
Metne Dönüştürmek Ajansı TR-AnCHP
082 ## - DEWEY ONLU SINIFLANDIRMA NUMARASI
Sınıflandırma Numarası 923.3 Demirdöğen,S.
Ürün Numarası D35t 2007
090 ## - SINIFLAMA NUMARASI
Sınıflama Numarası 923.3 Demirdöğen,S. D35t 2007
100 ## - ANA GİRİŞ - KİŞİSEL İSİM
Kişisel Ad Demirdöğen, Sabri
245 ## - BAŞLIK TABLOSU
Başlık Törelere boyun eğmedim
Sorumluluk Tablosu, Vb Sabri Demirdöğen
260 ## - YAYIN, DAĞITIM, VB
Yayın, Dağıtım, Vb Yeri İstanbul
Yayıncı, Dağıtıcı, Vs Adı Arkaplan Müzik Basın Yayın
Yayın, Dağıtım, Vb Tarihi 2007
300 ## - FİZİKSEL TANIM
Kapsam 399 s.
Diğer Fiziksel Ayrıntıları fotğ.
Boyutlar 23 sm.
600 ## - KONU KATMA GİRİŞ - KURUMSAL ADI
Kişisel Ad Demirdöğen, Sabri
Bir Adıyla İlişkilendirilen Tarihler 1948-
Genel Alt Bölümü Öz yaşamöyküsü
650 ## - KONU KATMA GİRİŞ - TOPİKAL DÖNEM
Topikal Süreli Veya Coğrafi Ad Giriş Elemanı Siyaset adamları
Genel Alt Bölümü Yaşamöyküsü
942 ## - EKLENDİ GİRİŞ ELEMANLARI (KOHA)
Sınıflandırma Veya Raf Düzeni Kaynak Dewey Decimal Classification
Koha Öğesi Türü Books
999 ## - SİSTEM KONTROL NUMARALARI (KOHA)
Koha Biblionumber 5141
Koha Biblioitemnumber 5141
Holdings
Kalıcı Konum Mevcut Konum Edinme Tarihi Edinim Kaynak Toplam Check-Out'Lar Tam Çağrı Numarası Barkod Tarih Son Görülme İtibaren Geçerli Fiyatlar Koha Öğesi Türü
CHP Kütüphanesi CHP Kütüphanesi 08/12/2016 Bağış   923.3 Demirdöğen,S. D35t 2007 000870 08/12/2016 08/12/2016 Books